000 00405nam a2200169Ia 4500
008 151213s9999 xx 000 0 und d
020 _a582521165
100 _aR. A. Close
245 _aThe English we Use
_cR. A. Close
250 _a2nd
260 _aLondon
_bLongman
_c1971
300 _a4478 p.
650 _aEnglish Language
650 _aEnglish Language
700 _aR. A. Close
999 _c2853
_d2853